LEADER 04351oam 2200685I 450
001 9910778816803321
005 20230725054459.0
010 $a1-136-74186-0
010 $a1-283-43515-2
010 $a9786613435156
010 $a1-136-74187-9
010 $a0-203-81925-X
024 7 $a10.4324/9780203819258
035 $a(CKB)2550000000079825
035 $a(EBL)684099
035 $a(OCoLC)773564592
035 $a(SSID)ssj0000589527
035 $a(PQKBManifestationID)12231321
035 $a(PQKBTitleCode)TC0000589527
035 $a(PQKBWorkID)10657335
035 $a(PQKB)10272120
035 $a(MiAaPQ)EBC684099
035 $a(Au-PeEL)EBL684099
035 $a(CaPaEBR)ebr10526439
035 $a(CaONFJC)MIL343515
035 $a(OCoLC)778436220
035 $a(EXLCZ)992550000000079825
100 $a20180706d2011 uy 0
101 0 $aeng
135 $aur|n|---|||||
181 $ctxt
182 $cc
183 $acr
200 10$aCounter-terrorism and the detention of suspected terrorists $epreventive detention and international human rights law /$flaire Macken
210 1$aMilton Park, Abingdon, Oxon ;$aNew York, N.Y. :$cRoutledge,$d2011.
215 $a1 online resource (233 p.)
225 1 $aRoutledge research in terrorism and the law
300 $aDescription based upon print version of record.
311 $a0-415-85921-2
311 $a0-415-55051-3
320 $aIncludes bibliographical references (p. [173]-197) and index.
327 $aPreventive detention : background, history and practice -- The right to personal liberty in international human rights -- The preventive detention of suspected terrorists pursuant to a state of emergency in international human rights law -- Legitimate and illegitimate purposes of preventive detention -- The way forward : a model law for the detention of suspected terrorists within a criminal law framework -- Conclusions as to the preventive detention of suspected terrorists in international law.
330 $a"In a regional, national and global response to terrorism, the emphasis necessarily lies on preventing the next terrorist act. Yet, with prevention comes prediction: the need to identify and detain those considered likely to engage in a terrorist act in the future. The detention of "suspected terrorists" is intended, therefore, to thwart a potential terrorist act recognising that retrospective action is of no consequence given the severity of terrorist crime. Although preventative steps against those reasonably suspected to have an intention to commit a terrorist act is sound counter-terrorism policy, a law allowing arbitrary arrest and detention is not. A State must carefully enact anti-terrorism laws to ensure that preventative detention does not wrongly accuse and grossly slander an innocent person, nor allow a terrorist to evade detection. This book examines whether the preventative detention of suspected terrorists in State counter-terrorism policy is consistent with the prohibitions on arbitrary arrest and detention in international human rights law. This examination is based on the "principle of proportionality"; a principle underlying the prohibition on arbitrary arrest as universally protected in the Universal Declaration of Human Rights, and given effect to internationally in the International Covenant on Civil and Political Rights, and regionally in regional instruments including the European Convention on Human Rights.
The book is written from a global counter-terrorism perspective, drawing particularly on examples of preventative detention from the UK, US and Australia, as well as jurisprudence from the ECHR"--$cProvided by publisher.
410 0$aRoutledge research in terrorism and law.
606 $aPreventive detention
606 $aTerrorism$xPrevention$xLaw and legislation
606 $aHuman rights
615 0$aPreventive detention.
615 0$aTerrorism$xPrevention$xLaw and legislation.
615 0$aHuman rights.
676 $a345/.0527
686 $aLAW000000$aLAW051000$2bisacsh
700 $aMacken$b Claire.$0846212
801 0$bMiAaPQ
801 1$bMiAaPQ
801 2$bMiAaPQ
906 $aBOOK
912 $a9910778816803321
996 $aCounter-terrorism and the detention of suspected terrorists$93822593
997 $aUNINA
LEADER 01878nam2 2200337 i 450
001 URB0705748
005 20251003044434.0
020 $aIT$b2009-5561
100 $a20090320d2009 ||||0itac50 ba
101 | $aita
102 $ait
181 1$6z01$ai $bxxxe
182 1$6z01$an
183 1$6z01$anc$2RDAcarrier
200 1 $aˆ3: ‰Concordato preventivo, accordi di ristrutturazione, liquidazione coatta amministrativa, amministrazione straordinaria, profili internazionali, disciplina penale, fiscale e transitoria$f[Pasquale Brenca et al.]
210 $aTorino$cUTET giuridica$aMilanofiori, Assago$cWolters Kluwer Italia$d2009
215 $aP. XXII, 1574-2227$d25 cm
461 1$1001URB0705727$12001 $aFallimento e altre procedure concorsuali$fdiretto da Giuseppe Fauceglia e Luciano Panzani$v3
606 $aFallimento$2FIR$3CFIC009340$9I
606 $aProcedure concorsuali$2FIR$3CFIC003216$9E
676 $a346.45078$9DIRITTO COMMERCIALE. FALLIMENTO. ITALIA$v23
696 $aProcedure concursuali
699 $aProcedure concorsuali$yProcedure concursuali
702 1$aBrenca$b, Pasquale$3URBV335897
801 3$aIT$bIT-000000$c20090320
850 $aIT-BN0095
912 $aURB0705748
950 2$aBiblioteca Centralizzata di Ateneo$cv. 1-3$d 01BCA SC. SOCIAL 8$e 01C 0800217675 VMA (0003 v. 3 (Precedente collocazione: TRA (C) DIR 346.45078 (0003)$fB $h20121029$i20121029$cv. 1.-3$d 01POZZO LIB.ECON MON 2752$e 0101 0000208695E VMA (0003 v. 3 precedente collocazione sez. DASES C 204 3$fB $h20091222$i20091222
977 $a 01
996 $aConcordato preventivo, accordi di ristrutturazione, liquidazione coatta amministrativa, amministrazione straordinaria, profili internazionali, disciplina penale, fiscale e transitoria$9942344
997 $aUNISANNIO